000 01081nam a2200301 i 4500
001 bg
100 1 _aYATE, Martin John
245 1 0 _aPisanie CV w praktyce :
_bprzedstaw się w odpowiedni sposób, spraw, aby twoje CV wyróżniało się spośród innych, zainteresuj pracodawcę listem motywacyjnym /
_cMartin Yate ; [tł. Marek Korbecki, Katarzyna Mironowicz].
246 _iTyt. oryg.:
_aReasumes that knock'em dead
260 _aGliwice :
_b"Helion",
_c2005.
300 _a273 s. ;
_c24 cm.
500 _aTyt. oryg.: "Reasumes that knock'em dead".
504 _aIndeks.
650 9 _aŻyciorysy urzędowe
650 9 _aRozmowa kwalifikacyjna
650 9 _aZatrudnienie
655 _aPoradniki
700 1 _aKORBECKI, Marek.
_eTł.
700 1 _aMIRONOWICZ, Katarzyna.
_eTł.
020 _a8373616209
040 _cBPK
041 1 _apol
_heng
080 _a331.5:331.108](083.1)
920 _a83-7361-620-9
942 _cKS
008 s pl f |000 0 pol
999 _c45751
_d45751